00370pab a2200145 454500008004000000100001800040245004300058260000900101300001400110362000800124650002200132700002000154700001500174773003500189180718b2003 xxu||||| |||| 00| 0 eng d aGompers, Paul aCorporate governance and equity prices c2003 ap.107-55. aFeb aFinancial markets aMetrick, Andrew aIshii, Joy aQuarterly Journal of Economics